| 000 | 01068njm a22002897a 4500 | ||
|---|---|---|---|
| 005 | 20100921144615.0 | ||
| 007 | sd ammalaaahaa | ||
| 008 | 100913t xxu||||| |||| 00| 0 hin d | ||
| 028 |
_aSNLP-5006 _bSuper ; T-Series |
||
| 035 | _aGR-05162 | ||
| 040 | _aSED/VEN | ||
| 100 |
_919606 _aNarinder Chanchal |
||
| 245 |
_aJago maa jagdambe part 1 & 2 / _h[sound recording] : _cby Narinder Chanchal ; music Sonik-Omi ; lyric Narinder Chanchal |
||
| 246 | _aजागो माँ जगदम्बे (नरिंदर चंचल) | ||
| 260 |
_aDum Dum, India _bSuper ; T-Series _c1990 |
||
| 300 |
_a1 sound disc [Gramophone record] : _banalog, 33 1/3 rpm _c12 in. (LP) _fGramophone record |
||
| 500 | _aBrief record. | ||
| 500 | _aSuper ; T-Series | ||
| 500 | _aRed | ||
| 650 |
_aClassical Music _xExcerpts _zIndia _919607 _vFilmi Song |
||
| 700 |
_91184 _aSonik-Omi |
||
| 700 |
_920675 _aNarinder Chanchal |
||
| 700 | _919643 | ||
| 700 | _919690 | ||
| 942 |
_2ddc _cGR |
||
| 999 |
_c47300 _d47300 |
||